000 01468nam0a22003611 4500
001 v19\rc\1935168
005 20251118180751.3
035 _a(NLR Aleph) 005019630
090 _a6575133
_c6575133
100 _a20080404d1912 |||y0rusy50 ca
101 0 _arus
102 _aRU
105 _aac z |||||
200 1 _aПамятка 4-го Пехотного Копорского полка
_fПо поруч. командира полка, полк. Э.С. Вейля, сост. д. чл. Имп. Рус. воен.-ист. о-ва М.К. Соколовским
210 _aСанкт-Петербург
_cТ-во Р. Голике и А. Вильборг
_d1912
215 _a60 с., 1 л. цв. ил.
_cил., портр.
_d26
300 _aЗагл. обл.: Памятка копорца
512 0 _aПамятка копорца
532 1 1 _aПамятка Четвертого Пехотного Копорского полка
700 1 _aСоколовский
_bМ. К.
_gМихаил Константинович
_4220
712 0 2 _aКопорский пехотный полк
_c4
_3RU\NLR\AUTH\889990232
801 0 _aRU
_bNLR
_gpsbo
801 0 _aRU
_bRuMoRGB
_2psbo
801 1 _aRU
_bProSoft-M
_2rusmarc
852 _aNLR
_j18.69.1.637
899 _aRuMoRGB
_jC 26/46
899 _aRuMoRGB
_jΔ 438/10
899 _aRuMoRGB
_jΔ 51/229
899 _aRuMoRGB
_jΔм 900/1169
899 _aБАН
899 _aГПИБ
942 _cBOOK
980 _aNB